The big book of creativity games : quick, fun activities for jumpstarting innovation

Bibliographic Details
Main Author: Epstein, Robert
Format: Book
Published: New Delhi : Tata McGraw-Hill Publishing Comp. Ltd , 2000
Subjects:

MARC

LEADER 00000cam a2200000 7i4500
001 0000038046
005 20131023.0
008 131023
020 |a 0070597030 
090 0 0 |a 658.3124   |b EPS 
100 1 |a Epstein, Robert 
245 1 4 |a The big book of creativity games :   |b quick, fun activities for jumpstarting innovation   |c Robert Epstein 
260 |a New Delhi :   |b Tata McGraw-Hill Publishing Comp. Ltd ,   |c 2000 
650 0 |a Creative ability   |x Problems, exercises 
650 0 |a Creative thinking   |x Problems, exercises 
650 0 |a Employees   |x Training   |x Problems, exercises 
999 |a 0001243698   |b Book   |c Adult Collection   |e Perbadanan Perpustakaan Awam Johor